000 01002nam a22002297a 4500
005 20250513153100.0
008 250513b |||||||| |||| 00| 0 eng d
020 _a9780143466604 (hbk)
037 _cTB
040 _aCRL
_cCRL
041 _2hin
_ahin
084 _aO152,3M95x R4
_qCRL
100 _aसांकृत्यायन, राहुल
_9784227
245 _aवोल्गा से गंगा
260 _aगुड़गांव, भारत:
_bपेंगुइन रेेंडम हाउस इंडिया,
_c2024.
300 _a263पृ0
365 _b350.00
_cINR
650 _aहिन्दी कहानी
_9784228
650 _aहिन्दी साहित्य
_9784229
942 _2CC
_cTB
_hO152,3M95x R4
_n0
999 _c1400804
_d1400804